Handbook of philatelic forgeries, Korean Empire (Record no. 2471)

000 -LEADER
fixed length control field 00332nam a22001097a 4500
008 - FIXED-LENGTH DATA ELEMENTS--GENERAL INFORMATION
fixed length control field 170814b xxu||||| |||| 00| 0 eng d
100 ## - MAIN ENTRY--AUTHOR'S NAME
Author's Name Brady, Lynn
245 ## - TITLE STATEMENT
Title Handbook of philatelic forgeries, Korean Empire
260 ## - PUBLICATION, DISTRIBUTION, ETC. (IMPRINT)
Place of publication, distribution, etc. Seattle, WA
Name of publisher, distributor, etc. Conk-Singleton Co.
Date of publication, distribution, etc. 1962
650 ## - TOPICAL TERM (Tag)
Topical term or geographic name Korea | Forgeries and Counterfeits
700 ## - SECONDARY AUTHOR, EDITOR OR ILLUSTRATOR
Personal Name Tyler, Varro
Holdings
Withdrawn status Lost status Source of classification or shelving scheme Damaged status Koha normalized classification for sorting Not for loan Permanent Location Current Location Shelving location Date acquired Total Checkouts Full call number Barcode Date last seen Copy number Price effective from Public note
        G7901 F721 B812   Northern Philatelic Library Northern Philatelic Library Closed Stacks 08/14/2017   G7901 F721 B812 1002966 08/14/2017 1 08/14/2017 20 pages, bound with issues of Korean Philately

Powered by Koha